Actualidad penal : (Registro nro. 22106)

Detalles MARC
000 -Cabecera
Campo de control interno 00769nam a2200229Ia 4500
005 - Fecha y hora del registro
control field 20260416151827.0
008 - Elementos de Longitud Fija
fixed length control field 260320s9999||||xx |||||||||||||| ||und||
022 ## - ISSN
ISSN 2313268X
041 ## - Idioma
Codigo Idioma ESP
082 ## - DEWEY y NOTACIÓN INTERNA
Dewey HR 344 FEB 2026
Notación Interna AP
110 ## - AUTOR INSTTITUCIONAL
Autor Institucional Instituto Pacífico
245 #0 - TÍTULO DE MATERIAL BIBLIOGRÁFICO
Título Actualidad penal :
Título paralelo revista de derecho penal, procesal penal, penitenciario y criminología
260 ## - CIUDAD, EDITORIAL, AÑO
Ciudad Lima :
Nombre de la Editorial Instituto Pacífico,
Año 2026
300 ## - DESCRIPCIÓN
N° Páginas 316 páginas :
Dimensiones 25 cm.
505 ## - TABLA DE CONTENIDO
Tabla de Contenido Número 140, febrero 2026
650 ## - TEMAS
Temas Ciencias Sociales
653 ## - DESCRIPTORES
Lenguajes no controlado Derecho - Revista
654 ## - PROGRAMAS
Programa
856 ## - URL - UBICACIÓN
URI/URL: Enlace exacto del recurso <a href="https://0u20st58w-y-https-actualidadpenal-pe.itmsp.museknowledge.com/revista-digital/edicion/actualidad-penal-140">https://0u20st58w-y-https-actualidadpenal-pe.itmsp.museknowledge.com/revista-digital/edicion/actualidad-penal-140</a>
Nota pública: Versión digital <a href="Versión digital">Versión digital</a>
942 ## - ELEMENTOS DE KOHA
Tipo de documento Revista
Nombre del creador Justo Noguera
Código de catalogador Tania Ramirez
Esquema de clasificación Dewey Decimal Classification
Existencias
Codigo completo Registro Colección Copia número Disponibilidad Tipo de préstamo Biblioteca Actual Procedencia (Biblioteca) Ubicacón Fecha Ingreso Tipo de Adquisición Observación Date last seen Total checkouts Price effective from Tipo de Item Estado del Material Fuente de Clasificación Damaged status Withdrawn status
HR 344 FEB 2026 AP 1088201 Universidad Católica San Pablo 1 Disponible Disponible Víctor Andrés Belaunde Víctor Andrés Belaunde Planta baja abierta 10/03/2026 Suscripción Derecho 20/03/2026   20/03/2026 Revista Bueno Dewey Decimal Classification